00380nam a22001457a 450000500170000000800410001704000070005804100120006508200210007710000250009824500290012326000400015265000080019265000340020020241213155829.0241213b ||||| |||| 00| 0 eng d cAL aEnglish 223a348.04bEASS aEastern Book Company aSupreme Court Cases 1990 aLucknowbEastern Book Companyc2016 aLaw aMode of Citation (1990) 4 SCC